000 00699cab a2200205 4500
001 WB2610-25
008 090401t1990 xxu||||| |||| 00| 0 eng d
035 _a(Sirsi) u3489
041 _aeng
245 _aOptions loophole in Act
260 _c1990
350 _a0
490 _aEstates Times
_vno 1036, 2/3/90 p9
520 _aLawyers are concerned that under the Law of Property (Miscellaneous Provisions) Act 1989 , landowners who have granted an option on land could claim that the exercise of the option by the property developer is not binding and try to pull out of a deal.
650 _aDEVELOPMENT
650 _aLAND OPTIONS
690 _aLAND
942 _n0
948 _c04/03/1997
999 _c2146
_d2146